000 00337pab a2200157 454500
008 180718b2013 xxu||||| |||| 00| 0 eng d
100 _aHanspal, Savita
245 _aRegulating advertising
260 _c2013
300 _ap.72-76.
362 _aJul
650 _aConsumers
773 _aSeminar
908 _aN
909 _a101113
999 _c101112
_d101112